00223nam a2200085Ia 4500008004100000100002200041245005300063260001200116260000900128170617s9999 xx 000 0 und d aSingh Harikrishna 0aMedicinal and Medicinal Pharmaceutical Chemestry bVallabh c2009